| 000 | 00355nam a22001457a 4500 | ||
|---|---|---|---|
| 003 | OSt | ||
| 005 | 20160727222347.0 | ||
| 008 | 160621b xxu||||| |||| 00| 0 eng d | ||
| 040 | _cTEST | ||
| 100 |
_9288 _aJohn, M, |
||
| 245 | _aBuilding Better English | ||
| 260 |
_aN.Y _b Row Peter son & Comp. _c1948 |
||
| 300 | _aBuilding Better English | ||
| 942 |
_2ddc _cBK |
||
| 999 |
_c235 _d235 |
||